000
002810000a22000970004500
100
1
_a
Tidwell, N.L.
245
1
0
_a
No highway! The outline of a semantic description of mesillâ
300
_a
Vol. 45, Num. 2 (Abril, 1995), Páginas 251-269
773
0
_t
Vetus Testamentum
942
_c
ANA
999
_c
57994
_d
57994